Online
Catalog

Más relatos sobre Constanza / (Record no. 1481)

MARC details
000 -CABECERA
campo de control de longitud fija 02559nam a2200301Ka 4500
001 - NÚMERO DE CONTROL
campo de control 000001585
003 - IDENTIFICADOR DEL NÚMERO DE CONTROL
campo de control DO-SdBNP
005 - FECHA Y HORA DE LA ÚLTIMA TRANSACCIÓN
campo de control 20240229173356.0
008 - DATOS DE LONGITUD FIJA--INFORMACIÓN GENERAL
campo de control de longitud fija 090623t2007 dr abcd 001 0 spa d
020 ## - NÚMERO INTERNACIONAL ESTÁNDAR DEL LIBRO
Número Internacional Estándar del Libro 9789945000993
020 ## - NÚMERO INTERNACIONAL ESTÁNDAR DEL LIBRO
Número Internacional Estándar del Libro 9945000993
040 ## - FUENTE DE LA CATALOGACIÓN
Centro catalogador/agencia de origen DO-SdBNP
Lengua de catalogación spa
Centro/agencia transcriptor BNPHU
090 ## - LOCALMENTE ASIGNADO TIPO-LC NÚMERO DE CLASIFICACIÓN (OCLC); NÚMERO DE CLASIFICACIÓN LOCAL (RLIN)
Número de clasificación (OCLC) (R) ; Numero de clasificación, CALL (RLIN) (NR) 972.93697
Número cutter local (OCLC) ; Número de libro/Signatura topográfica íntegra, CALL (RLIN) C343m
100 1# - ENTRADA PRINCIPAL--NOMBRE DE PERSONA
Nombre de persona Cassá Bernaldo de Quirós, Constancio,
Fechas asociadas al nombre 1953-
9 (RLIN) 5204
245 10 - MENCIÓN DE TÍTULO
Título Más relatos sobre Constanza /
Mención de responsabilidad, etc. Constancio Cassá ; presentación Bernardo Vega.
260 ## - PUBLICACIÓN, DISTRIBUCIÓN, ETC.
Lugar de publicación, distribución, etc. Santo Domingo :
Nombre del editor, distribuidor, etc. Ayuntamiento Municipal de Constanza,
Fecha de publicación, distribución, etc. 2007.
300 ## - DESCRIPCIÓN FÍSICA
Extensión 273 p. :
Otras características físicas il.,facsíms., retrs.,tablas ;
Dimensiones 24 cm.
500 ## - NOTA GENERAL
Nota general Incluye índice onomástico.
504 ## - NOTA DE BIBLIOGRAFÍA, ETC.
Nota de bibliografía, etc. Incluye bibliografía y notas al pie de páginas.
504 ## - NOTA DE BIBLIOGRAFÍA, ETC.
Nota de bibliografía, etc. Bibliografía : p. 241-246.
505 0# - NOTA DE CONTENIDO CON FORMATO
Información miscelánea Presentación /
Mención de responsabilidad Bernardo Vega --
Información miscelánea Introducción --
-- Los Colonos Inmigrantes :
Título Las primeras colonias agrícolas --
-- Las motivaciones de Trujillo para establecer colonias agrícolas --
-- Inician las colonias --
-- Los inmigrantes en Constanza --
-- Los árabes --
-- Los españoles --
-- Los japoneses --
-- Los húngaros --
-- Resultados de la política migratoria de Trujillo --
Información miscelánea Estadísticas de la Población de Constanza, Siglo XIX :
Título Las familias se establecen --
Información miscelánea La Legión Extranjera Anticomunista :
Título Se anuncia la creación de la Legión Extranjera Anticomunista --
-- Se organiza la legión extranjera --
-- Se contratan los legionarios --
-- ¿Quiénes eran Cesen, Bogetich, Pedraza y Salas? --
-- Los legionarios se establecen en Constanza --
-- Los legionarios quieren escapar --
-- Trascienden las desapariciones de legionarios --
-- Trujillo naturaliza legionarios --
-- Empieza el combate --
-- Se condecora a los legionarios --
-- Los que se negaron a luchar --
-- La legión se fortalece --
-- Constanza como refugio de ladrones y asesinos --
-- Trujillo utiliza la legión extranjera fuera del país --
-- Se disuelve la legión extranjera --
-- Perfil y paradero de algunos legionarios --
Información miscelánea Los Templos Ceremoniales Indígenas de los Alrededores de Constanza :
Título El templo de la loma Redonda --
-- El templo de la loma Los Huesos --
-- El templo de la loma Los Amaceyes --
-- Similitudes --
-- Conservación --
Información miscelánea Artículos Cortos :
Título El botón --
-- ¡Salvemos el río Constanza! --
-- Bibliografía --
-- Índice onomástico.
650 14 - PUNTO DE ACCESO ADICIONAL DE MATERIA--TÉRMINO DE MATERIA
Término de materia o nombre geográfico como elemento de entrada Ciudades y pueblos
Subdivisión geográfica República Dominicana
9 (RLIN) 784
650 14 - PUNTO DE ACCESO ADICIONAL DE MATERIA--TÉRMINO DE MATERIA
Término de materia o nombre geográfico como elemento de entrada Arqueología indígena
9 (RLIN) 5209
651 #0 - PUNTO DE ACCESO ADICIONAL DE MATERIA--NOMBRE GEOGRÁFICO
Nombre geográfico Constanza (República Dominicana)
9 (RLIN) 5208
700 1# - PUNTO DE ACCESO ADICIONAL--NOMBRE DE PERSONA
Nombre de persona Vega, Bernardo,
Fechas asociadas al nombre 1938 -
9 (RLIN) 3222
910 ## - DATOS DE OPCIÓN DEL USUARIO (OCLC)
Datos de opción del usuario Validado. Control de calidad EMS.
942 ## - ELEMENTOS DE PUNTO DE ACCESO ADICIONAL (KOHA)
Fuente del sistema de clasificación o colocación Dewey Decimal Classification
Tipo de ítem Koha Libro
Holdings
Estado de retiro Estado de pérdida Restricciones de uso No para préstamo Código de colección Localización permanente Ubicación/localización actual Ubicación en estantería Fecha de adquisición Número de inventario Total de préstamos Signatura topográfica completa Código de barras Fecha visto por última vez Número de copia Precio válido a partir de Tipo de ítem Koha Nota pública
        Dominicana de Servicio General General Depósito 17.07.2009 LF1   1585-30 25.06.2020 e. 3 25.06.2020 Libro y Folleto Colección Dominicana de Servicio  
        Dominicana de Servicio General General Depósito 17.07.2009 LF1   1585-40 25.06.2020 e. 4 25.06.2020 Libro y Folleto Colección Dominicana de Servicio  
        Dominicana de Servicio General General Depósito 17.07.2009 LF1   1585-50 25.06.2020 e. 5 25.06.2020 Libro y Folleto Colección Dominicana de Servicio  
      Excluido de préstamo Patrimonio Dominicano Patrimonio Dominicano Patrimonio Dominicano Depósito 17.07.2009 LF1   1585-10 25.06.2020   25.06.2020 Libro y Folleto Colección Patrimonio Dominicano Autografiado por el autor, dedicado a la Biblioteca Nacional PHU.
      Excluido de préstamo Patrimonio Dominicano Patrimonio Dominicano Patrimonio Dominicano Depósito 17.07.2009 LF1   1585-20 25.06.2020 e. 2 25.06.2020 Libro y Folleto Colección Patrimonio Dominicano Autografiado por el autor, dedicado a la Biblioteca Nacional PHU.

Powered by Koha